Sudovo-pravova reforma v Ukraïni--problemy ta perspektyvy : materialy miz͡hnarodnoï naukovo-praktychnoï konferent͡siï, prysvi͡achenoï 200-richchi͡u Kraĭovoho sudu Bukovyny, 26-28 travni͡a 2004 r. /

Saved in:
Bibliographic Details
Corporate Authors: Miz͡hnarodna naukovo-praktychna konferent͡sii͡a "Sudovo-pravova reforma v Ukraïni--problemy i perspektyvy" Chernivt͡si, Ukraine), Ukraine. Verkhovnyĭ Sud.
Other Authors: Ohorodnyk, A. P.
Format: Book
Language:Ukrainian
Published: Chernivt͡si : Ruta, 2004.
Subjects:
Tags: Add Tag
No Tags, Be the first to tag this record!
LEADER 01164cam a22002654a 4500
001 009727330-9
005 20051012113332.0
008 050816s2004 un a b 100 0 ukroc
020 |a 9665687352 
035 0 |a ocm61684574 
040 |a CSt  |c STF 
042 |a pcc 
050 4 |a KKY471  |b .M59 2004 
111 2 |a Miz͡hnarodna naukovo-praktychna konferent͡sii͡a "Sudovo-pravova reforma v Ukraïni--problemy i perspektyvy"  |d (2004 :  |c Chernivt͡si, Ukraine) 
245 1 0 |a Sudovo-pravova reforma v Ukraïni--problemy ta perspektyvy :  |b materialy miz͡hnarodnoï naukovo-praktychnoï konferent͡siï, prysvi͡achenoï 200-richchi͡u Kraĭovoho sudu Bukovyny, 26-28 travni͡a 2004 r. /  |c [redakt͡siĭna kolehii͡a Ohorodnyk A.P. (holova redkolehiï) ... et al.]. 
246 1 5 |a Gerichtsreform in der Ukraine Probleme und Perspektiven 
260 |a Chernivt͡si :  |b Ruta,  |c 2004. 
300 |a 327 p. :  |b col. ill. ;  |c 21 cm. 
504 |a Includes bibliographical references. 
500 |a "Naukove vydannia" -- colophon. 
650 0 |a Law reform  |z Ukraine  |v Congresses. 
700 1 |a Ohorodnyk, A. P. 
710 1 |a Ukraine.  |b Verkhovnyĭ Sud. 
988 |a 20050802 
906 |0 OCLC